000 00337nam a22001457a 4500
003 SGT
082 _a617.7, C12G
100 _aGARG, SUNIR J.
245 _aCOLOR ATLAS & SYNOPSIS OF CLINICAL OPHTHALMOLOGY UVEITIS
250 _a2ND
260 _aINDIA
_bWOLTERS
_c2012
300 _a318
650 _a OPHTHALMOLOGY
942 _2ddc
_cBK
999 _c9078
_d9078